EUGENIO ESPEJO (1747-1795) : REFORMADOR ECUATORINO DE LA ILUSTRACION /

INCLUYE BIBLIOGRAFIA

-д хадгалсан:
Номзүйн дэлгэрэнгүй
Үндсэн зохиолч: Astuto, Philip Louis (autor)
Формат: Ном
Цуврал:TIERRA FIRME
Нөхцлүүд:
Шошгууд: Шошго нэмэх
Шошго байхгүй, Энэхүү баримтыг шошголох эхний хүн болох!

MARC

LEADER 00000nam^a2200000^a^4500
001 000241953
005 20250521000000.0
009 20260310105237.39
035 |a 064995 
037 |a Acervo Xavier Clavigero 
082 |a 324. 22  |b AST 
100 |a Astuto, Philip Louis  |e (autor) 
245 1 0 |a EUGENIO ESPEJO (1747-1795) :  |b REFORMADOR ECUATORINO DE LA ILUSTRACION /  |c PHILIP LOUIS ASTUTO 
264 |a MEXICO :  |b FCE,  |c 1969 
300 |a 157 p. 
336 |a texto  |b txt  |2 rdacontenido 
337 |a sin mediación  |b n  |2 rdamedio 
338 |a volumen  |b nc  |2 rdasoporte 
440 |a TIERRA FIRME 
520 |a INCLUYE BIBLIOGRAFIA 
649 |a XX 
650 |a Espejo, Eugenio 
650 |a Políticos Ecuatorianos 
910 |a Fondo General 
920 |a Impresos - Libros 
930 |a Colección General 
905 |a 101 
901 |a 064995  |b IT1  |c ACC  |i 064995  |u 20250521 
902 |a https://opac.biblio.iteso.mx/vufind/Record/000241953